| 000 | 00386nam a22001337a 4500 | ||
|---|---|---|---|
| 020 | _a9781466506978 | ||
| 082 |
_a629.892 _bKAN |
||
| 100 | _aKanda, Takayuki | ||
| 245 |
_aHuman-Robot Interaction in Social Robotics / _cTakayuki Kanda |
||
| 260 |
_aLondon: _bCRC Press , _c2013. |
||
| 300 |
_aXIX, 343p. ; _bHardbinding, |
||
| 700 |
_aHiroshi Ishiguro _9125872 |
||
| 942 |
_2ddc _cBK |
||
| 999 |
_c611523 _d611523 |
||